000 00859nam a22002297a 4500
003 LK-CoDNM
005 20241016112634.0
008 241015b |||||||| |||| 00| 0 eng d
040 _aLK-CoDNM
_dLK-CoDNM
_eLK-CoDNM
041 _asin
080 _aප්‍ර.ද
_b3
100 _aකොටහේනේ පඤ්ඤාකිත්කි ස්වාමීන් වහන්සේ
245 _aදහම III -1958
_b1 කාණ්ඩය 3 කලාපය
260 _aබදුල්ල
_bජිනාලෝක මුද්‍රනාලය
_c1958
300 _b30p. ; 25 cm
650 _aදහම III -1958
650 _a1 කාණ්ඩය 3 කලාපය
650 _aකොටහේනේ පඤ්ඤාකිත්කි ස්වාමීන් වහන්සේ
650 _aප්‍ර.ද 3
650 _a1958
942 _cBK
999 _c219654
_d219654